000 01885nam a2200409 a 4500
999 _c171372
_d171372
003 BLK
005 20250122133959.0
008 180411b bul|||||r ||||||| ||bul||
010 _aKNG00179635000
040 _aBLK
041 _aBUL
_cBUL
072 7 _2bullib
_aК
_xКраезнание
080 _aИкономика. Икономически науки
_b33
_x(497.2)
_z33(497.2)
139 _aОбщобългарски периодичен индустриален занаятчийски алманах
_bО 25
245 1 0 _aОбщобългарски периодичен индустриален занаятчийски алманах
_b1928 - 1929 г.
_cред. Иван Коев.
250 _a2. изд.
257 _aBGR
260 _aРусе
_bИван Коев
_c1929
_fРусе : печ. Леви, Петров и С-ие
300 _a400 с.
_c22 см
380 _a3
500 _a1. изд. 1924.
650 4 _aИкономика - България - история
_9286758
650 4 _aИндустрия - България
_9318332
651 4 _aБългария
_9241624
653 _aзанаяти
653 _aикономика
653 _aалманаси
700 _aКоев, Иван
_9314021
852 _aЦб 28645
852 _aК 33/О 25
_bК
856 4 _qpdf
_i0.00
_lreg users access
_fОбщобългарски периодичен индустриален занаятчийски алманах
_uhttp://185.138.176.146:18082/cgi-bin/koha/opac-retrieve-file.pl?id=40a694111c1cc338d3266d997e783976
_xebook
_zОбщобългарски периодичен индустриален занаятчийски алманах
856 4 _qpdf
_i0.00
_ldisable
942 _cKNG
_n0
_s1
_01
944 _aCR
_c12.08.2015
_k30558
_lВаля Йорданова
944 _aED
_c2023-04-13
_kКети
999 _d171372